Holzplastik vom II. bis zum 14. Jahrhundert (Record no. 7475)

MARC details
000 -CABECERA
campo de control de longitud fija 00757nam a2200253 a 4500
001 - NÚMERO DE CONTROL
campo de control BRCA_7801
005 - FECHA Y HORA DE LA ÚLTIMA TRANSACCIÓN
campo de control 20190320210012.0
008 - DATOS DE LONGITUD FIJA--INFORMACIÓN GENERAL
campo de control de longitud fija 011013s1958----sz-a######---#000-0#ger-#
041 ## - CÓDIGO DE LENGUA
Código de lengua del texto/banda sonora o título independiente ger
044 ## - CÓDIGO DEL PAÍS DE LA ENTIDAD EDITORA/PRODUCTORA
Código MARC del país sz
050 #4 - SIGNATURA TOPOGRÁFICA DE LA BIBLIOTECA DEL CONGRESO
Número de clasificación NB170
Número de documento/Ítem .G97 1958
100 1# - ENTRADA PRINCIPAL--NOMBRE DE PERSONA
Nombre de persona Gysin, F.
9 (RLIN) 13146
245 10 - MENCIÓN DE TÍTULO
Título Holzplastik vom II. bis zum 14. Jahrhundert
Mención de responsabilidad, etc. F. Gysin.
260 ## - PUBLICACIÓN, DISTRIBUCIÓN, ETC.
Lugar de publicación, distribución, etc. Berna, Suiza
Nombre del editor, distribuidor, etc. P. Haupt
Fecha de publicación, distribución, etc. c1958
300 ## - DESCRIPCIÓN FÍSICA
Extensión 16 p.
Otras características físicas il.
Dimensiones 25 cm.
440 #0 - MENCIÓN DE SERIE/PUNTO DE ACCESO ADICIONAL--TÍTULO
Título Hochwachter-Bucherei
Designación de volumen o secuencia 35
9 (RLIN) 19325
500 ## - NOTA GENERAL
Nota general Publicación periódica inventariada como libro
500 ## - NOTA GENERAL
Nota general A la cabeza de la portada: Aus dem Schweizerischen Landesmuseum ; 11-
500 ## - NOTA GENERAL
Nota general X73
650 14 - PUNTO DE ACCESO ADICIONAL DE MATERIA--TÉRMINO DE MATERIA
Término de materia o nombre geográfico como elemento de entrada Escultura medieval
9 (RLIN) 18870
650 14 - PUNTO DE ACCESO ADICIONAL DE MATERIA--TÉRMINO DE MATERIA
Término de materia o nombre geográfico como elemento de entrada Escultura
Subdivisión geográfica Suiza
9 (RLIN) 19326
902 ## - CATALOGADOR
Iniciales GFM
942 ## - ELEMENTOS DE PUNTO DE ACCESO ADICIONAL (KOHA)
Fuente del sistema de clasificación o colocación Library of Congress Classification
Tipo de ítem Koha Libros
Holdings
Estado de retiro Estado de pérdida Estado dañado No para préstamo Localización permanente Ubicación/localización actual Fecha de adquisición Número de inventario Total de préstamos Signatura topográfica completa Código de barras Fecha visto por última vez Precio válido a partir de Tipo de ítem Koha
El ejemplar forma parte de la colección y puede ser consultado según las políticas vigentes.       Biblioteca del Museo Franz Mayer (Rogerio Casas-Alatriste) Biblioteca del Museo Franz Mayer (Rogerio Casas-Alatriste) 01/10/2013 X73   NB170 .G97 1958 (X73) 8410 22/03/2019 22/03/2019 Libros